000 00890nam a2200253Ia 4500
003 OSt
005 20220923213703.0
006 a|||||r|||| 00| 0
007 ta
008 220922b |||||||| |||| 00| 0 hin d
024 _a164,011
037 _cTextual
040 _aARTS
_cARTS
_bhin
041 _2hin
_ahin
082 _aO152,1N19x, K3
100 _aअग्रवाल, भारत भूषण
245 0 _aकागज के फूल
246 _aKāgaj ke fūla
260 _aवाराणसी
_b भारतीय ज्ञानपीठ प्रकाशन
_c1963
490 _aज्ञानपीठ लोकोदय गं्रथमाला; 184
650 _aहिन्दी साहित्य
_9156264
942 _hO152,1N19x, K3
_cTEXL
_2CC
999 _c318491
_d318491